| 000 | 00391nam a2200109Ia 4500 | ||
|---|---|---|---|
| 008 | 171204s9999 xx 000 0 und d | ||
| 245 | _aHandbook Of Clinical Rating Scales And Assessment In Psychiatry And Mental Health: | ||
| 245 | _cLee Baer and Mark A. Blais | ||
| 260 | _c2015 | ||
| 650 | _xHealth Assessment | ||
| 856 | _uhttp://down.ebook777.com/004/HanOfCliRatScaAndAssInPsyAndMenHea.pdf | ||
| 999 |
_c346371 _d346371 |
||